=LDR 00000nam 2200000 4500 =001 INLIS000000000037157 =005 20170710041423 =035 ##$$a 0010-061300000037157 =008 170710###########################0###### =041 ##$$a Ind =082 ##$$a 028.5 =090 ##$$a 028.5, Kan h =100 ##$$a Kanopi =245 1#$$a Happy ensiklopedi gurun sahara, X-Kanopi =260 ##$$a 2011 :$b Elex media Komputindo =300 ##$$a iv, 93 hlm, ilus, 25 cm =650 ##$$a Bacaan kanak-kanak =850 ##$$a NBPNMAT =990 ##$$a 88508850 =990 ##$$a 01201708850